Etica práctica / (Record no. 144292)

MARC details
000 -LEADER
campo de control de longitud fija 00470nam a2200157 4500
001 - NÚMERO DE CONTROL
campo de control 144292
003 - IDENTIFICADOR DE NÚMERO DE CONTROL
campo de control ES-MaACL
007 - CAMPO FIJO DE DESCRIPCIÓN FÍSICA--INFORMACIÓN GENERAL
campo de control de longitud fija t|
008 - DATOS DE LONGITUD FIJA--INFORMACIÓN GENERAL
campo de control de longitud fija 070214s1984 sp r ||||1| spa d
100 1# - ENTRADA PRINCIPAL--NOMBRE DE PERSONA
Nombre de persona Singer, Peter.
9 (RLIN) 106630
245 10 - MENCIÓN DEL TÍTULO
Título Etica práctica /
Mención de responsabilidad, etc. Peter Singer ; [traducción de Marta I. Guastavino].
260 ## - PUBLICACIÓN, DISTRIBUCIÓN, ETC.
Lugar de publicación, distribución, etc. Barcelona :
Nombre del editor, distribuidor, etc. Ariel,
Fecha de publicación, distribución, etc. 1984 (
Fabricante Duplex)
300 ## - DESCRIPCIÓN FÍSICA
Extensión 288 p. ;
Dimensiones 20 cm.
700 1# - ENTRADA AGREGADA--NOMBRE PERSONAL
Nombre de persona Guastavino, Marta I.
9 (RLIN) 60368
852 ## - LOCALIZACIÓN
Ubicación ES-MaACL
Número de control de estantería L-6598
Sublocalización o colección R.107772
Holdings
Estatus retirado Estado de pérdida Estado de daño No para préstamo Biblioteca de origen Biblioteca actual Ubicación en estantería Fecha de adquisición Fuente de adquisición Total de préstamos Signatura topográfica completa Código de barras Visto por última vez Precio de reemplazo Tipo de ítem Koha
        Biblioteca del Ateneo de Madrid Biblioteca del Ateneo de Madrid Depósito 2 17/01/2008     L-6598 1150122 23/02/2023 23/02/2023 Libro impreso